Devine la joueuse de handball (facile) #1 - Statistiques

Statistiques générales
  • Ce quiz a été pris 5 fois
  • Le résultat moyen est 12 sur 15
Statistiques - réponses
Hint Réponse % Correct
Pivot de l'équipe de France de handball, elle tire régulièrement les pénaltys et est élue meilleure pivot du championnat du monde 2025. Bouktit
100%
Ailière / arrière droite de l'équipe de France depuis 2016, elle est élue meilleure ailière droite des Jeux Olympiques de 2020. Flippes
100%
Ailière droite de l'équipe de France depuis 2021, elle est championne du monde 2023 et vice-championne olympique en 2024. Granier
100%
Ancienne demi-centre de l'équipe de France, elle a été élue meilleure joueuse de l'année 2009 par la FFHB. Pineau
100%
Ancienne gardienne de l'équipe de France de 2008 à 2024, elle remporte 14 titres nationaux, une coupe d'Europe et deux titres olympiques au cours de sa carrière. Darleux
75%
Ancienne ailière gauche de l'équipe de France de 2006 à 2021, elle intègre le Hall Of Fame en janvier 2026. Dembélé
75%
Ancienne gardienne de l'équipe de France surnommée "doudou", elle a été championne du monde en 2017, d'Europe en 2018 et olympique en 2021. Leynaud
75%
Arrière droite de l'équipe de Norvège depuis 2010, elle est considérée comme l'une des meilleures arrières droites du monde. Mork
75%
Demi-centre / arrière gauche de l'équipe de France et capitaine de l'équipe depuis 2022, elle est connue pour ses grandes jambes qui lui permettent d'aller très vite. Nze Minko
75%
Ancienne demi-centre de l'équipe de Norvège, elle est élue meilleure joueuse du monde en 2019. Oftedal
75%
Arrière gauche de l'équipe de Norvège, elle est élue meilleure joueuse du monde 2023, 2024 et 2025. Reistad
75%
Ailière gauche de l'équipe de France, elle est la meilleure buteuse de l'équipe de France lors du championnat du monde de 2023. Valentini
75%
Demi-centre de l'équipe de France depuis 2013, elle évolue parallèlement dans des clubs étrangers (Rostov, Krim, Bucarest...) Zaadi
75%
Ancienne gardienne de l'équipe de Norvège de 2002 à 2025, elle a remporté sept championnats d'Europe et trois jeux olympiques. Lunde
50%
Ancienne pivot de l'équipe de France, elle est nommée dans l'élection de la meilleure joueuse du monde en 2002, 2004 et 2006. Pecqueux-Rolland
25%
Aucun quiz correspondant
Distribution des résultats
% des personnes avec chaque résultat
Percentile par nombre de réponses
Votre historique - résultats
Vous n’avez pas pris ce quiz